A Series of Endings Quiz Stats

 Plays Quiz Updated Jun 18, 2019

Score 0/42 Timer 05:00
0 Plays Today
Series Word % Correct
Harry Potter BooksStone
90.3%
The Lord of the RingsRing
85.3%
The Lord of the RingsTowers
84.6%
Harry Potter BooksAzkaban
84.6%
Harry Potter BooksHallows
84.4%
Star Wars EpisodesJedi
83.5%
Chronicles of NarniaWardrobe
82.9%
Harry Potter BooksFire
82.7%
Harry Potter BooksSecrets
82.5%
Harry Potter BooksPrince
81.6%
Star Wars EpisodesJedi
81.1%
The Lord of the RingsKing
80.8%
Pirates of the CaribbeanPearl
78.6%
Harry Potter BooksPhoenix
78.6%
Star Wars EpisodesHope
78.2%
Jason Bourne MoviesIdentity
77.3%
Star Wars EpisodesBack
76.9%
Indiana Jones MoviesArk
73.8%
Indiana Jones MoviesSkull
73%
Indiana Jones MoviesDoom
72.4%
Jason Bourne MoviesUltimatum
72.2%
Series Word % Correct
Pirates of the CaribbeanEnd
70.9%
Jason Bourne MoviesSupremacy
69.2%
Pirates of the CaribbeanChest
67.6%
Star Wars EpisodesSith
65%
Chronicles of NarniaCaspian
63%
Star Wars EpisodesClones
62.7%
Star Wars EpisodesMenace
62.7%
Indiana Jones MoviesCrusade
61.6%
Star Wars EpisodesAwakens
59.3%
Jason Bourne MoviesLegacy
51.6%
Pirates of the CaribbeanTides
46.8%
Jason Bourne MoviesBourne
42.5%
Chronicles of NarniaTreader
41.2%
Chronicles of NarniaChair
34.4%
Pirates of the CaribbeanTales
32.8%
Chronicles of NarniaNephew
32.6%
His Dark Materials Compass
32.1%
Chronicles of NarniaBoy
28.1%
Chronicles of NarniaBattle
27.8%
His Dark Materials Knife
20.7%
His Dark Materials Spyglass
19.5%

You're not logged in!

Compare scores with friends on all Sporcle quizzes.
OR
Log In

Sporcle TV

Today on Sporcle TV


Watch our educational content, quiz creation guides, and fun videos on Sporcle TV.

Show Comments

Extras

Top Quizzes Today


Score Distribution

Your Account Isn't Verified!

In order to create a playlist on Sporcle, you need to verify the email address you used during registration. Go to your Sporcle Settings to finish the process.

Report this User

Report this user for behavior that violates our Community Guidelines.

Details: